000 00301nam a2200133 i 4500
001 bg
245 0 _aStaticeskaja procnost' i mechanika razrusenija...
260 _aMoskva,
_c1986.
040 _cBPK
041 _apol
080 _a620.1
942 _cKS
008 s pl f |000 0 pol
999 _c23423
_d23423